[Event "FIDE Women's World Chess Championship"]
[Site "Sochi RUS"]
[Date "2015.03.22"]
[EventDate "2015.03.17"]
[Round "2.3"]
[Result "1/2-1/2"]
[White "Antoaneta Stefanova"]
[Black "Inna Gaponenko"]
[WhiteElo "2522"]
[BlackElo "2384"]
[PlyCount "137"]

1. Nf3 Nf6 2. g3 c5 3. Bg2 g6 4. b3 Bg7 5. Bb2 d5 6. O-O O-O
7. c4 d4 8. b4 Nfd7 9. d3 e5 10. bxc5 Nxc5 11. Nbd2 Re8
12. Rb1 Bd7 13. Nb3 Nba6 14. e3 dxe3 15. fxe3 Bf5 16. e4 Bg4
17. h3 Bc8 18. Nxc5 Nxc5 19. Nxe5 Bxe5 20. Bxe5 Rxe5 21. d4
Rg5 22. dxc5 Qc7 23. Qd6 Qxc5+ 24. Qxc5 Rxc5 25. e5 Rb8
26. Bd5 Be6 27. Rbd1 Rc7 28. Bxe6 fxe6 29. Rd6 Re8 30. Rf4 Rf8
31. Rxe6 Rxf4 32. gxf4 Rxc4 33. Re8+ Kf7 34. Rh8 Rxf4
35. Rxh7+ Ke6 36. Rxb7 Ra4 37. Rb2 Kxe5 38. Rg2 Kf5 39. Rf2+
Kg5 40. Rg2+ Kh5 41. Kh2 g5 42. Rc2 a5 43. Kg2 Rb4 44. Kg3 Ra4
45. Kg2 Kh4 46. Rd2 Kh5 47. Kg3 Ra3+ 48. Kg2 Rc3 49. a4 Rc4
50. Ra2 Kh4 51. Ra3 Rc2+ 52. Kg1 Rc4 53. Kg2 Rb4 54. Kg1 Rf4
55. Kg2 Kh5 56. Kg3 Kg6 57. Ra1 Rb4 58. Ra3 Kf5 59. Kf3 Rh4
60. Ke2 Rb4 61. Kf3 Ke5 62. Ke3 Kd5 63. Kd3 Kc5 64. Kc2 Rh4
65. Rg3 Kb4 66. Rxg5 Rxh3 67. Kb2 Rh2+ 68. Kb1 Kxa4 69. Rg4+
1/2-1/2

[Event "FIDE Women's World Chess Championship"]
[Site "Sochi RUS"]
[Date "2015.03.22"]
[EventDate "2015.03.17"]
[Round "2.4"]
[Result "0-1"]
[White "Inna Gaponenko"]
[Black "Antoaneta Stefanova"]
[WhiteElo "2384"]
[BlackElo "2522"]
[PlyCount "102"]

1. e4 e5 2. Nf3 Nc6 3. Bb5 a6 4. Bxc6 dxc6 5. O-O Qf6 6. d4
exd4 7. Bg5 Qd6 8. Nxd4 Be7 9. Bxe7 Nxe7 10. Nc3 Bd7 11. Nb3
Qxd1 12. Raxd1 b6 13. Rd2 O-O-O 14. Rfd1 c5 15. Nc1 f5
16. N1e2 Nc6 17. f3 Rhf8 18. exf5 Bxf5 19. Nd5 Rde8 20. Ng3
Bg6 21. c3 Ne5 22. b3 c4 23. Nf1 Kb7 24. Nde3 cxb3 25. axb3 a5
26. c4 Kc8 27. c5 b5 28. Nd5 Kb7 29. Ra2 Nc6 30. Nc3 b4
31. Nd5 Bf7 32. Rad2 Re5 33. Nfe3 Ne7 34. Kf2 Nxd5 35. Nxd5
Kc6 36. Ne3 Bxb3 37. Rb1 Bg8 38. Rd4 Rxc5 39. Rg4 g6 40. Re4
Ra8 41. Ng4 Ba2 42. Rb2 Bd5 43. Re7 b3 44. Ne3 Bg8 45. Rd2 a4
46. Rdd7 Kb6 47. Rd4 a3 48. Rb4+ Kc6 49. Ng4 a2 50. f4 a1=Q
51. Ne5+ Rxe5 0-1

[Event "European Individual Women's Championship"]
[Site "Chakvi GEO"]
[Date "2015.05.19"]
[EventDate "?"]
[Round "1.3"]
[Result "1-0"]
[White "Antoaneta Stefanova"]
[Black "Khayala Abdulla"]
[WhiteElo "2512"]
[BlackElo "2266"]
[PlyCount "121"]

1. Nf3 Nf6 2. g3 b5 3. Bg2 Bb7 4. O-O e6 5. d3 c5 6. e4 d6
7. Nc3 b4 8. Ne2 Be7 9. Ng5 Nc6 10. f4 O-O 11. h3 d5 12. e5
Nd7 13. Nf3 f6 14. exf6 Bxf6 15. d4 Ba6 16. Rf2 Bxe2 17. Rxe2
Nxd4 18. Nxd4 Bxd4+ 19. Kh2 Nb6 20. Rxe6 Qd7 21. Re2 Rae8
22. a3 Rxe2 23. Qxe2 Re8 24. Qd1 a5 25. axb4 axb4 26. Ra6 Qb5
27. Bf1 c4 28. Qxd4 Qxa6 29. Be3 Re6 30. f5 Rf6 31. Qe5 Qc8
32. g4 Qf8 33. Kh1 Qd6 34. Qd4 h6 35. Bg2 Qg3 36. Bf4 Qe1+
37. Kh2 Qe2 38. Bc7 Nc8 39. Qxd5+ Kh7 40. Be5 Ne7 41. Qe4 Qxe4
42. Bxe4 Rf8 43. Bd6 Re8 44. Bxb4 Kh8 45. Bf3 Ng8 46. Kg3 Nf6
47. h4 Ne4+ 48. Kf4 Rb8 49. Be7 Nd2 50. Bd5 Rb5 51. Be6 Rb7
52. f6 gxf6 53. Bxf6+ Kh7 54. g5 hxg5+ 55. hxg5 Kg6 56. Bf5+
Kf7 57. Bc3 Nb1 58. g6+ Kf8 59. Bd4 Nd2 60. Be6 Rc7 61. Bc3
1-0

[Event "European Individual Women's Championship"]
[Site "Chakvi GEO"]
[Date "2015.05.20"]
[EventDate "?"]
[Round "2.2"]
[Result "0-1"]
[White "Daria Charochkina"]
[Black "Antoaneta Stefanova"]
[WhiteElo "2391"]
[BlackElo "2512"]
[PlyCount "64"]

1. e4 g6 2. d4 c6 3. h4 h5 4. Nc3 Bg7 5. Be3 d5 6. Qd2 Nh6
7. O-O-O dxe4 8. Bc4 Nf5 9. Nxe4 Nd7 10. Ng5 O-O 11. g4 Nxe3
12. fxe3 Nb6 13. Bxf7+ Rxf7 14. Nxf7 Kxf7 15. gxh5 Qd5 16. Nf3
Qxa2 17. Qc3 gxh5 18. Ng5+ Ke8 19. b3 Bg4 20. Rdf1 Nd5 21. Qd3
Kd7 22. e4 Qa1+ 23. Kd2 Qa5+ 24. Kc1 Nb4 25. Qe3 c5 26. e5
Qa1+ 27. Kd2 Qxd4+ 28. Qxd4+ cxd4 29. Rf7 Bxe5 30. Re1 Nc6
31. Ne4 b6 32. Nf2 Bg3 0-1

[Event "European Individual Women's Championship"]
[Site "Chakvi GEO"]
[Date "2015.05.21"]
[EventDate "2015.05.19"]
[Round "3.2"]
[Result "0-1"]
[White "Antoaneta Stefanova"]
[Black "Alina Kashlinskaya"]
[WhiteElo "2512"]
[BlackElo "2423"]
[PlyCount "128"]

1. Nf3 Nf6 2. g3 g6 3. Bg2 Bg7 4. O-O c5 5. d4 O-O 6. dxc5 Na6
7. Be3 Ne4 8. Bd4 Nexc5 9. Bxg7 Kxg7 10. Qd4+ Kg8 11. Nc3 d6
12. Rfd1 Bd7 13. e4 Bc6 14. a3 Rc8 15. Qe3 Qb6 16. Nd5 Bxd5
17. exd5 Qxb2 18. Qxe7 Rfe8 19. Qxd6 Ne4 20. Qd7 Nac5 21. Qg4
Nxf2 22. Kxf2 Ne4+ 23. Kg1 Rxc2 24. Qh3 Qb6+ 25. Nd4 Rd2
26. Rxd2 Nxd2 27. Qg4 Re4 28. Qc8+ Kg7 29. Qc3 Rxd4 30. Rd1
Kf8 31. Qc8+ Kg7 32. Qc3 f6 33. Kh1 Ne4 34. Qxd4 Nf2+ 35. Qxf2
Qxf2 36. d6 Qe2 37. Ra1 Qd2 38. Bf3 Qxd6 39. Bxb7 Qb6 40. Bg2
Qb2 41. Rd1 Qxa3 42. Bd5 Qc3 43. Rg1 Qd3 44. Ba2 f5 45. Rg2 a5
46. Rf2 a4 47. Kg2 a3 48. h4 Qe3 49. Bb1 Qe1 50. Ba2 Qe4+
51. Kg1 h6 52. Rf4 Qd3 53. Kg2 Kf6 54. Rf2 g5 55. hxg5+ Kxg5
56. Bf7 Qd6 57. Ba2 Kg4 58. Rf4+ Qxf4 59. gxf4 Kxf4 60. Kf2 h5
61. Bb1 h4 62. Ba2 Ke4 63. Bb1+ Kd4 64. Kg2 f4 0-1

[Event "European Individual Women's Championship"]
[Site "Chakvi GEO"]
[Date "2015.05.22"]
[EventDate "2015.05.19"]
[Round "4.8"]
[Result "1/2-1/2"]
[White "Antoaneta Stefanova"]
[Black "Vlada Sviridova"]
[WhiteElo "2512"]
[BlackElo "2087"]
[PlyCount "115"]

1. Nf3 d5 2. g3 Nf6 3. Bg2 c6 4. O-O Bf5 5. c4 e6 6. cxd5 exd5
7. d3 Bd6 8. Nc3 O-O 9. Re1 Re8 10. e4 dxe4 11. dxe4 Bxe4
12. Nxe4 Rxe4 13. Rxe4 Nxe4 14. Nh4 Nf6 15. Nf5 Bc7 16. Qxd8+
Bxd8 17. Nd6 Bb6 18. Be3 Bxe3 19. fxe3 Nbd7 20. Nxb7 Rb8
21. Bxc6 Ne5 22. Bh1 Nc4 23. b4 Nxe3 24. Bc6 Nc2 25. Rb1 Nd4
26. Bg2 Ne2+ 27. Kf1 Nc3 28. Rc1 Ncd5 29. a3 g6 30. Nd6 Ne3+
31. Kg1 Nxg2 32. Kxg2 Rb6 33. Rc8+ Kg7 34. Nc4 Re6 35. Kf3 h5
36. h3 Ne4 37. h4 Nd6 38. Nxd6 Rxd6 39. Ke4 Kf6 40. b5 Re6+
41. Kd4 Rd6+ 42. Kc4 Rd7 43. a4 Kf5 44. Rc5+ Ke4 45. Kb4 f6
46. Ka5 Kf3 47. Rc3+ Kg4 48. Ka6 g5 49. hxg5 fxg5 50. a5 h4
51. gxh4 gxh4 52. b6 axb6 53. axb6 h3 54. b7 Rxb7 55. Kxb7 h2
56. Rc1 Kg3 57. Kc6 Kg2 58. Kd5 1/2-1/2

[Event "European Individual Women's Championship"]
[Site "Chakvi GEO"]
[Date "2015.05.23"]
[EventDate "2015.05.19"]
[Round "5.11"]
[Result "0-1"]
[White "Zoya Schleining"]
[Black "Antoaneta Stefanova"]
[WhiteElo "2375"]
[BlackElo "2512"]
[PlyCount "76"]

1. c4 g6 2. d4 Bg7 3. Nf3 e6 4. Nc3 Ne7 5. Bf4 d6 6. Qd2 h6
7. h4 Nbc6 8. O-O-O a6 9. e4 Bd7 10. d5 exd5 11. cxd5 Ne5
12. Nxe5 dxe5 13. Be3 Nc8 14. Bd3 Nd6 15. Kb1 Qe7 16. f3 h5
17. Rc1 Rc8 18. Bg5 f6 19. Be3 f5 20. Bg5 Qf7 21. g3 O-O
22. Rhf1 c5 23. dxc6 Rxc6 24. Nd5 Kh7 25. Qb4 Be6 26. Rxc6
bxc6 27. Qxd6 cxd5 28. Rc1 dxe4 29. Rc7 Bxa2+ 30. Ka1 Qg8
31. fxe4 fxe4 32. Bxe4 Rf1+ 33. Bc1 Bf7 34. Qxa6 Rf6 35. Qb7
Qf8 36. b3 Rf1 37. Qc6 Qa3+ 38. Kb1 Qxb3+ 0-1

[Event "European Individual Women's Championship"]
[Site "Chakvi GEO"]
[Date "2015.05.24"]
[EventDate "2015.05.19"]
[Round "6.6"]
[Result "1-0"]
[White "Antoaneta Stefanova"]
[Black "Karina Szczepkowska-Horowska"]
[WhiteElo "2512"]
[BlackElo "2412"]
[PlyCount "75"]

1. Nf3 Nf6 2. g3 g6 3. Bg2 Bg7 4. O-O O-O 5. d4 d6 6. b3 c6
7. Bb2 Bg4 8. Nbd2 Qc8 9. Re1 d5 10. e4 dxe4 11. Nxe4 Na6
12. Qd2 Re8 13. c4 Nxe4 14. Rxe4 Bf5 15. Re2 Qc7 16. d5 Bxb2
17. Qxb2 cxd5 18. cxd5 Bg4 19. Rc2 Qd6 20. Ne5 Bf5 21. Re2 Nc5
22. Qd2 Qf6 23. Rae1 Rad8 24. Qb4 b6 25. Re3 Qd6 26. Qh4 f6
27. Nc6 Rd7 28. g4 g5 29. Qh3 Bg6 30. b4 Nb7 31. Re6 Qc7
32. Qe3 Kf8 33. h4 h6 34. hxg5 hxg5 35. Ne5 Bf7 36. Qh3 fxe5
37. Qh8+ Bg8 38. Rg6 1-0

[Event "European Individual Women's Championship"]
[Site "Chakvi GEO"]
[Date "2015.05.27"]
[EventDate "2015.05.19"]
[Round "8.7"]
[Result "1-0"]
[White "Meri Arabidze"]
[Black "Antoaneta Stefanova"]
[WhiteElo "2403"]
[BlackElo "2512"]
[PlyCount "129"]

1. d4 d5 2. c4 c6 3. cxd5 cxd5 4. Nc3 Nf6 5. Nf3 Nc6 6. Bf4 a6
7. Rc1 Nh5 8. Bd2 Nf6 9. h3 Ne4 10. Bf4 Nxc3 11. bxc3 Bf5
12. e3 e5 13. Nxe5 Ba3 14. Nd3 Bxc1 15. Qxc1 Qa5 16. Qb2 Rc8
17. Nc5 Nd8 18. Kd2 Rc6 19. Be2 Ne6 20. Nb3 Qb6 21. Be5 f6
22. Bh2 Ng5 23. f3 O-O 24. g4 Bd7 25. h4 Nf7 26. Rb1 Bc8
27. Nc5 Qa5 28. Qb4 Qxb4 29. Rxb4 Nd8 30. c4 f5 31. cxd5 Rh6
32. Bf4 Rxh4 33. d6 Nc6 34. Rb1 Nb8 35. g5 b5 36. a4 Rd8
37. axb5 axb5 38. Rxb5 Nc6 39. Bc4+ Kf8 40. Kc3 Rxf4 41. exf4
Rxd6 42. d5 Ne7 43. Kd4 Nc6+ 44. Ke3 Ne7 45. Nd3 Rd8 46. Rb8
Ke8 47. Ne5 Bd7 48. Rb7 Bc8 49. Ra7 h5 50. Kd4 Nxd5 51. Nc6
Ne7+ 52. Nxd8 Kxd8 53. Kc5 Bd7 54. Bf7 h4 55. Ra8+ Nc8 56. Ra1
Ne7 57. Rh1 Bc6 58. Rxh4 Bxf3 59. Rh7 g6 60. Kd6 Nc8+ 61. Ke6
Bh5 62. Rh8+ Kc7 63. Kf6 Nb6 64. Be6 Kd6 65. Rxh5 1-0

[Event "European Individual Women's Championship"]
[Site "Chakvi GEO"]
[Date "2015.05.28"]
[EventDate "2015.05.19"]
[Round "9.14"]
[Result "0-1"]
[White "Antoaneta Stefanova"]
[Black "Inga Charkhalashvili"]
[WhiteElo "2512"]
[BlackElo "2318"]
[PlyCount "98"]

1. Nf3 d5 2. g3 Nf6 3. Bg2 e6 4. O-O Be7 5. d3 c5 6. Nbd2 Nc6
7. e4 O-O 8. Re1 b5 9. a4 b4 10. exd5 exd5 11. Nb3 Bg4 12. h3
Bxf3 13. Qxf3 Rc8 14. Bf4 h6 15. g4 Bd6 16. h4 Bxf4 17. Qxf4
Ne7 18. h5 Qc7 19. Qxc7 Rxc7 20. Bf3 Nc6 21. Rad1 Nd4 22. Nxd4
cxd4 23. Rd2 Rfc8 24. Bd1 Kf8 25. Kg2 Re7 26. Rxe7 Kxe7
27. Kg3 Kd6 28. Re2 Re8 29. Rxe8 Nxe8 30. Kf4 Ke6 31. g5 f5
32. Bf3 Nd6 33. Bg2 Nf7 34. gxh6 gxh6 35. Bh3 Nd6 36. Bg2 Nc8
37. Bxd5+ Kxd5 38. Kxf5 Nd6+ 39. Kg6 Ke5 40. Kxh6 Kf6 41. Kh7
Kf7 42. Kh6 Nc4 43. Kg5 Nxb2 44. Kf5 Nxd3 45. Ke4 Ne1 46. Kxd4
Nxc2+ 47. Kd3 Ne1+ 48. Kd2 Nf3+ 49. Ke3 a5 0-1

[Event "Women's Grand Prix Monte Carlo"]
[Site "Monaco MNC"]
[Date "2015.10.03"]
[EventDate "2015.10.03"]
[Round "1"]
[Result "1-0"]
[White "Mariya Muzychuk"]
[Black "Antoaneta Stefanova"]
[WhiteElo "2528"]
[BlackElo "2500"]
[PlyCount "147"]

1. e4 g6 2. d4 Bg7 3. Nf3 d6 4. Bd3 Bg4 5. c3 Nd7 6. Nbd2 Nb6
7. h3 Bd7 8. O-O Nf6 9. Re1 O-O 10. e5 Nfd5 11. Ne4 Bf5 12. a3
c6 13. exd6 exd6 14. Bg5 Qd7 15. c4 Bxe4 16. Rxe4 Nc7 17. Re7
Qc8 18. Re1 Re8 19. Qd2 Ne6 20. Bh6 Bf6 21. Re2 Qd7 22. Rae1
Re7 23. b3 Rae8 24. Bc2 c5 25. d5 Nd4 26. Nxd4 Bxd4 27. h4 Nc8
28. Bg5 Re5 29. Bf4 R5e7 30. g3 a6 31. Kg2 b5 32. Rxe7 Rxe7
33. Rxe7 Qxe7 34. Bd3 bxc4 35. bxc4 Qb7 36. Qe2 Kg7 37. h5 Qb2
38. Bc2 Qc3 39. h6+ Kf8 40. Qg4 f5 41. Bxf5 Qe1 42. Bd3 Qxf2+
43. Kh3 Ne7 44. Bxd6 Qe3 45. Qf4+ Ke8 46. Bc2 Qxf4 47. Ba4+
Kf7 48. Bxf4 Nc8 49. Kg4 Ke7 50. Bb3 Nd6 51. Kf3 Nf7 52. g4
Bf6 53. Ke4 Nd6+ 54. Kd3 Nf7 55. Be3 Kd6 56. Ke4 g5 57. Bf2
Be5 58. Kf5 Bf4 59. Bd1 Nxh6+ 60. Kf6 Ng8+ 61. Kg7 Ne7
62. Kxh7 Nc8 63. Kg6 Nb6 64. Be2 Bc1 65. Bg3+ Kd7 66. Bd3 a5
67. Be5 a4 68. Bf5+ Kd8 69. d6 Nd7 70. Bc3 Ke8 71. Bc2 Bxa3
72. Bxa4 Bc1 73. Bf6 Bf4 74. Be7 1-0

[Event "Women's Grand Prix Monte Carlo"]
[Site "Monaco MNC"]
[Date "2015.10.04"]
[EventDate "2015.10.03"]
[Round "2"]
[Result "1-0"]
[White "Antoaneta Stefanova"]
[Black "Alexandra Kosteniuk"]
[WhiteElo "2500"]
[BlackElo "2530"]
[PlyCount "73"]

1. Nf3 Nf6 2. g3 d5 3. Bg2 Bf5 4. O-O c6 5. d3 e6 6. Nh4 Bg4
7. h3 Bh5 8. Qe1 Be7 9. f4 h6 10. Kh1 Nbd7 11. e4 dxe4
12. dxe4 g5 13. fxg5 hxg5 14. Bxg5 Qc7 15. Nd2 O-O-O 16. Nc4
Nxe4 17. Bf4 Nd6 18. Nf5 exf5 19. Qxe7 Nxc4 20. Bxc7 Kxc7
21. Rae1 f6 22. Rxf5 Rde8 23. Qb4 Nce5 24. Rf4 Bf7 25. Rd1 Be6
26. Rh4 Rhg8 27. Kh2 Rg7 28. Rf4 Kc8 29. Qd4 Reg8 30. g4 Rh7
31. Kg1 Ng6 32. Re4 Bd5 33. Qxa7 Bxe4 34. Bxe4 Kc7 35. Qa5+
Kc8 36. Qa8+ Nb8 37. Bf5+ 1-0

[Event "Women's Grand Prix Monte Carlo"]
[Site "Monaco MNC"]
[Date "2015.10.06"]
[EventDate "2015.10.03"]
[Round "4"]
[Result "1-0"]
[White "Antoaneta Stefanova"]
[Black "Koneru Humpy"]
[WhiteElo "2500"]
[BlackElo "2578"]
[PlyCount "118"]

1. Nf3 Nf6 2. g3 b5 3. Na3 a6 4. c4 e6 5. b3 b4 6. Nc2 Bb7
7. Bg2 Be7 8. a3 a5 9. d4 O-O 10. O-O c5 11. dxc5 Bxc5 12. Bb2
Na6 13. Ne5 Bxg2 14. Kxg2 Qb6 15. Nd3 Be7 16. Bd4 Qb7+ 17. f3
d5 18. axb4 dxc4 19. bxc4 axb4 20. Ra5 Rfd8 21. Qa1 Nc7
22. Rb1 Qc6 23. c5 Qd7 24. Ne5 Rxa5 25. Qxa5 Qb5 26. Qxb5 Nxb5
27. Nc6 Nxd4 28. N2xd4 Rd7 29. Nxe7+ Rxe7 30. Rxb4 Kf8 31. c6
Rc7 32. Rb7 Rc8 33. f4 Nd5 34. e4 Ne7 35. Rb6 Ke8 36. Kf3 g6
37. g4 f6 38. e5 fxe5 39. fxe5 Nd5 40. Rb7 Ne7 41. Rb6 Nd5
42. Rb2 Ne7 43. Rc2 g5 44. Ke4 h6 45. Rc5 Kf7 46. c7 Ke8
47. Nxe6 Kd7 48. Nd4 Rxc7 49. Rxc7+ Kxc7 50. Nf5 Ng8 51. Kd5
Kd7 52. h3 Kd8 53. Kd6 Ke8 54. Ke6 Kf8 55. Kd7 Kf7 56. e6+ Kf6
57. e7 Nxe7 58. Nxe7 Ke5 59. Ng8 Ke4 1-0

[Event "Women's Grand Prix Monte Carlo"]
[Site "Monaco MNC"]
[Date "2015.10.08"]
[EventDate "2015.10.03"]
[Round "5.3"]
[Result "0-1"]
[White "Natalia Pogonina"]
[Black "Antoaneta Stefanova"]
[WhiteElo "2445"]
[BlackElo "2500"]
[PlyCount "226"]

1. d4 d5 2. c4 c6 3. Nf3 Nf6 4. Nc3 e6 5. e3 Nbd7 6. Qc2 Bd6
7. Bd3 O-O 8. O-O dxc4 9. Bxc4 e5 10. Bb3 h6 11. h3 Re8
12. Nh4 Nf8 13. dxe5 Bxe5 14. Rd1 Qe7 15. Nf5 Qc5 16. Nd4 Ne6
17. Nf3 Bc7 18. e4 Qh5 19. Nd5 cxd5 20. exd5 Bb6 21. dxe6 Bxe6
22. Bxe6 Rxe6 23. Bf4 Rae8 24. Re1 Ne4 25. Be3 Bxe3 26. Rxe3
Ng5 27. Nxg5 Rxe3 28. fxe3 Qxg5 29. Re1 Rxe3 30. Qc8+ Kh7
31. Qc2+ g6 32. Rf1 Qe7 33. Qd2 Kg8 34. Rc1 a6 35. Rc8+ Kg7
36. Qd4+ Qe5 37. Qxe5+ Rxe5 38. Rc7 Rb5 39. b3 h5 40. h4 Kf6
41. Kf2 Rb4 42. g3 Ke6 43. Kf3 a5 44. Ke3 b6 45. Rb7 f6
46. Kf3 Kf5 47. Rb8 Rb5 48. Rb7 Ke5 49. Ke3 Rb4 50. Rb8 Kd5
51. Rf8 Re4+ 52. Kf3 Re6 53. Rg8 f5 54. Rc8 Re4 55. Rg8 Rg4
56. Rc8 a4 57. bxa4 Rxa4 58. Rg8 Rg4 59. a4 Ke5 60. Re8+ Kf6
61. Ra8 Kg7 62. Ra6 Rb4 63. a5 bxa5 64. Rxa5 Rg4 65. Ra7+ Kf6
66. Ra6+ Ke5 67. Ra5+ Kd6 68. Ra6+ Kc5 69. Rf6 Kd5 70. Ra6 Ke5
71. Ra5+ Kf6 72. Ra6+ Kg7 73. Ra7+ Kh6 74. Ra6 Re4 75. Ra7 Re6
76. Kf4 Re1 77. Kf3 Rf1+ 78. Kg2 Rd1 79. Kf3 Rd8 80. Kf4 Re8
81. Rb7 Re4+ 82. Kf3 Ra4 83. Rc7 Rg4 84. Rf7 Ra4 85. Rb7 Ra8
86. Kf4 Rg8 87. Ra7 Rg7 88. Ra4 Re7 89. Rb4 Re1 90. Rb7 Rf1+
91. Ke3 f4+ 92. gxf4 Rh1 93. f5 Rh3+ 94. Kf4 Rxh4+ 95. Ke5 Ra4
96. f6 g5 97. f7 Rf4 98. Ke6 Kg7 99. f8=Q+ Kxf8 100. Rh7 h4
101. Rh5 Rg4 102. Kf5 Rg3 103. Rh7 h3 104. Kf6 Ke8 105. Ke6
Kd8 106. Kd6 Kc8 107. Kc6 Kb8 108. Kb6 Rb3+ 109. Kc6 g4
110. Rh4 Rb1 111. Rh7 Rb2 112. Rh4 h2 113. Rh7 g3 0-1

[Event "Women's Grand Prix Monte Carlo"]
[Site "Monaco MNC"]
[Date "2015.10.09"]
[EventDate "2015.10.03"]
[Round "6"]
[Result "0-1"]
[White "Antoaneta Stefanova"]
[Black "Yifan Hou"]
[WhiteElo "2500"]
[BlackElo "2671"]
[PlyCount "128"]

1. Nf3 c5 2. g3 g6 3. Bg2 Bg7 4. O-O Nc6 5. e4 e5 6. Nc3 Nge7
7. d3 d6 8. a3 O-O 9. Nh4 Be6 10. Be3 h6 11. f4 exf4 12. gxf4
f5 13. Qe1 Nd4 14. Rc1 Kh7 15. Kh1 Qd7 16. Qg3 Rg8 17. Nf3
Nxf3 18. Qxf3 Rae8 19. Rce1 b6 20. Bf2 Rgf8 21. Qg3 b5 22. Rg1
a5 23. Bf3 Rg8 24. Qg2 b4 25. Nd1 Ref8 26. Be3 Bh8 27. Bc1 Bf6
28. Qf2 Bd4 29. Be3 fxe4 30. Bxe4 Bf6 31. axb4 axb4 32. c3 Nf5
33. cxb4 Bh4 34. Qd2 Bxe1 35. Rxe1 cxb4 36. Qxb4 Rb8 37. Qd2
Rge8 38. Bf2 Qb5 39. Kg1 d5 40. Bf3 d4 41. Re5 Qb4 42. Qe2 Bf7
43. Bg4 Rxe5 44. fxe5 Bb3 45. Qe4 Qd2 46. Bxf5 Qg5+ 47. Bg3
gxf5 48. Qxd4 Rd8 49. Qa7+ Kh8 50. Nf2 Qc1+ 51. Kg2 Bd5+
52. Kh3 Qg5 53. e6 Qh5+ 54. Bh4 Qf3+ 55. Bg3 Qh5+ 56. Bh4 Bc6
57. d4 Qf3+ 58. Bg3 Qh5+ 59. Bh4 Rg8 60. d5 Qf3+ 61. Bg3 Bxd5
62. Qf7 Rg7 63. Qe8+ Kh7 64. e7 Bc6 0-1

[Event "Women's Grand Prix Monte Carlo"]
[Site "Monaco MNC"]
[Date "2015.10.10"]
[EventDate "2015.10.03"]
[Round "7"]
[Result "1/2-1/2"]
[White "Almira Skripchenko"]
[Black "Antoaneta Stefanova"]
[WhiteElo "2441"]
[BlackElo "2500"]
[PlyCount "53"]

1. e4 e5 2. Nf3 Nc6 3. Bc4 Bc5 4. c3 Nf6 5. d4 exd4 6. cxd4
Bb4+ 7. Bd2 Bxd2+ 8. Nbxd2 d5 9. exd5 Nxd5 10. O-O O-O 11. Rc1
Bg4 12. h3 Bh5 13. Bxd5 Qxd5 14. Rc5 Bxf3 15. Nxf3 Qxa2 16. d5
Nb4 17. Rxc7 Qxd5 18. Qxd5 Nxd5 19. Rxb7 Rfb8 20. Rxb8+ Rxb8
21. Ra1 Rxb2 22. Rxa7 f6 23. Ra8+ Kf7 24. Ra7+ Kg8 25. Ra8+
Kf7 26. Ra7+ Kg8 27. Ra8+ 1/2-1/2

[Event "Women's Grand Prix Monte Carlo"]
[Site "Monaco MNC"]
[Date "2015.10.11"]
[EventDate "2015.10.03"]
[Round "8"]
[Result "1/2-1/2"]
[White "Anna Muzychuk"]
[Black "Antoaneta Stefanova"]
[WhiteElo "2549"]
[BlackElo "2500"]
[PlyCount "106"]

1. d4 d5 2. c4 c6 3. cxd5 cxd5 4. Nc3 e5 5. dxe5 d4 6. Ne4
Qa5+ 7. Bd2 Qxe5 8. Ng3 Nc6 9. Nf3 Qd6 10. a3 Nf6 11. e4 dxe3
12. Bxe3 Nd5 13. Ne4 Qd7 14. Bc4 Nxe3 15. fxe3 Be7 16. O-O O-O
17. Nfg5 Qxd1 18. Raxd1 Ne5 19. Bd5 Bg4 20. Rc1 Rad8 21. Bxb7
h6 22. Nf3 Nxf3+ 23. gxf3 Bh3 24. Rf2 f5 25. Ng3 Rd3 26. Nf1
Rfd8 27. Re2 f4 28. Ba6 Rd1 29. Re1 Rxe1 30. Rxe1 Bc5 31. b4
Bb6 32. Kf2 Rd6 33. Bc4+ Kf8 34. Ke2 Bxf1+ 35. Rxf1 Bxe3
36. Bd3 Rc6 37. Ra1 Rc3 38. h4 Bd4 39. Ra2 Rc1 40. Rd2 Ra1
41. Bg6 Bf6 42. Rd7 Rxa3 43. h5 a6 44. Ra7 Rb3 45. Rf7+ Kg8
46. Rb7 Kf8 47. Kf2 Rb2+ 48. Kf1 Bc3 49. Rf7+ Kg8 50. Rb7 Kf8
51. Rf7+ Kg8 52. Rb7 Kf8 53. Rf7+ Kg8 1/2-1/2

[Event "Women's Grand Prix Monte Carlo"]
[Site "Monaco MNC"]
[Date "2015.10.13"]
[EventDate "2015.10.03"]
[Round "9"]
[Result "0-1"]
[White "Antoaneta Stefanova"]
[Black "Nana Dzagnidze"]
[WhiteElo "2500"]
[BlackElo "2573"]
[PlyCount "84"]

1. d4 Nf6 2. Nf3 e6 3. e3 b6 4. c4 Bb7 5. Nc3 d5 6. cxd5 exd5
7. Bb5+ c6 8. Bd3 Bd6 9. O-O O-O 10. e4 dxe4 11. Nxe4 Nxe4
12. Bxe4 Nd7 13. Bg5 Be7 14. Bxe7 Qxe7 15. Re1 Qd6 16. Ne5
Rae8 17. Rc1 Nxe5 18. dxe5 Qb8 19. Qd6 c5 20. Qxb8 Rxb8
21. Bxb7 Rxb7 22. Rcd1 Re7 23. f4 f6 24. Rd6 h5 25. g3 Rfe8
26. Rd5 Kf7 27. Kg2 fxe5 28. fxe5 Ke6 29. Rd2 Rd7 30. Rf2 Red8
31. Rfe2 Rd2 32. Kf3 g5 33. h4 gxh4 34. gxh4 Rf8+ 35. Kg3 Rg8+
36. Kf3 Rd7 37. Re4 Rf7+ 38. Ke3 Rg3+ 39. Kd2 Rf2+ 40. Kc1
Rgg2 41. Ra4 Rxb2 42. Rxa7 Rxa2 0-1

[Event "Women's Grand Prix Monte Carlo"]
[Site "Monaco MNC"]
[Date "2015.10.14"]
[EventDate "2015.10.03"]
[Round "10"]
[Result "0-1"]
[White "Sarasadat Khademalsharieh"]
[Black "Antoaneta Stefanova"]
[WhiteElo "2397"]
[BlackElo "2500"]
[PlyCount "144"]

1. d4 g6 2. c4 Bg7 3. Nf3 e6 4. Nc3 Ne7 5. g3 d5 6. cxd5 exd5
7. Bg2 O-O 8. O-O Nbc6 9. h3 Nf5 10. Bg5 Nce7 11. Bf4 c6
12. Be5 f6 13. Bf4 g5 14. Bc1 Nd6 15. b3 Ng6 16. Ba3 Re8
17. Rc1 Bf5 18. Nd2 a6 19. Bxd6 Qxd6 20. e4 Be6 21. exd5 cxd5
22. Re1 Rad8 23. Qf3 Ne7 24. Nf1 b5 25. Ne3 Rf8 26. Qe2 Bf7
27. Qd3 Qd7 28. Re2 f5 29. Rce1 Bf6 30. Rc1 h5 31. Nc2 Qd6
32. Rce1 Rc8 33. Ne3 Qd7 34. Nc2 Nc6 35. Nd1 f4 36. gxf4 gxf4
37. Kh2 Kh8 38. Qf3 Bg6 39. Qxd5 Qxd5 40. Bxd5 Ne7 41. Nb4 a5
42. Rxe7 Bxe7 43. Nc6 Bb4 44. Rg1 Bf7 45. Bf3 Rg8 46. Rf1 Bg6
47. Ne5 Be8 48. Nb2 Bc3 49. Rc1 b4 50. Nbd3 Rd8 51. d5 Rg5
52. Nc4 Bf7 53. Rd1 Bf6 54. h4 Rgxd5 55. Bxd5 Rxd5 56. Rd2 Bc3
57. Rd1 Bg6 58. Ndb2 Rxd1 59. Nxd1 Bb1 60. Nxa5 Bc2 61. Nxc3
bxc3 62. Nc6 Bxb3 63. Nb4 c2 64. Nd3 Bxa2 65. Kg2 Bd5+ 66. f3
Kg7 67. Kf2 Kf6 68. Nc1 Ke5 69. Ke2 Kd4 70. Kd2 Bc4 71. Kxc2
Ke3 72. Kc3 Be2 0-1

[Event "Women's Grand Prix Monte Carlo"]
[Site "Monaco MNC"]
[Date "2015.10.15"]
[EventDate "2015.10.03"]
[Round "11"]
[Result "1/2-1/2"]
[White "Antoaneta Stefanova"]
[Black "Natalia Zhukova"]
[WhiteElo "2500"]
[BlackElo "2482"]
[PlyCount "60"]

1. c4 e5 2. Nc3 Nf6 3. Nf3 Nc6 4. e4 Bc5 5. Nxe5 Nxe5 6. d4
Bb4 7. dxe5 Nxe4 8. Qd4 Nxc3 9. bxc3 Ba5 10. Ba3 b6 11. O-O-O
c5 12. Qd5 Rb8 13. e6 fxe6 14. Qh5+ Kf8 15. Qe5 Bb7 16. Rxd7
Qxd7 17. Qxb8+ Kf7 18. Qf4+ Ke7 19. Qe5 Kf7 20. Qf4+ Ke7
21. Qe5 Kf7 22. Be2 Rd8 23. Rd1 Qe7 24. Rxd8 Qxd8 25. f3 Qf6
26. Qc7+ Qe7 27. Qe5 Qf6 28. Qc7+ Qe7 29. Qe5 Qf6 30. Qc7+ Qe7
1/2-1/2

[Event "European Club Cup (Women)"]
[Site "Skopje MKD"]
[Date "2015.10.18"]
[EventDate "2015.10.18"]
[Round "1.3"]
[Result "1-0"]
[White "Antoaneta Stefanova"]
[Black "Ana Srebrnic"]
[WhiteElo "2500"]
[BlackElo "2234"]
[PlyCount "63"]

1. d4 Nf6 2. Nf3 g6 3. g3 Bg7 4. Bg2 O-O 5. O-O d6 6. a4 c6
7. Nc3 d5 8. Ne5 Na6 9. Re1 Ng4 10. f4 Nxe5 11. dxe5 Nb4
12. a5 Bf5 13. e4 dxe4 14. Qe2 Qc8 15. Nxe4 Bg4 16. Qf2 Nd5
17. Bd2 Rd8 18. c4 Nc7 19. Be3 a6 20. Bb6 Re8 21. b4 Ne6
22. h3 Bf5 23. Qf3 Nf8 24. g4 Be6 25. Rac1 Qb8 26. f5 gxf5
27. gxf5 Bxe5 28. fxe6 Nxe6 29. Kh1 Rf8 30. Nc5 Nxc5 31. Bxc5
Qc7 32. Qg4+ 1-0